Ganas de vivir = Wit /

Salvato in:
Dettagli Bibliografici
Autore principale: Nichols, Mike (realización)
Altri autori: Thompson, Emma (guión) (guión), Nichols, Mike (guión) (guión), McGarvey, Seamus (fotógrafo) (fotógrafo), Roth, Ann (vestuario) (vestuario), Bloom, John (montaje) (montaje), Thompson, Emma (actuación) (actuación), Lloyd, Christopher (actuación) (actuación), Atkins, Eileen (actuación) (actuación)
Natura: Videodisco
Lingua:inglese
Pubblicazione: EUA : HBO, 2001, c2001
Soggetti:
Tags: Aggiungi Tag
Nessun Tag, puoi essere il primo ad aggiungerne!!

MARC

LEADER 00000ngm^a2200000^a^4500
001 000448551
005 20251020000000.0
009 20260526145331.498
037 |a Acervo Xavier Clavigero 
041 |a ING 
082 |a 810.  |b NIC 
100 |a Nichols, Mike  |e (realización) 
240 1 1 |a [Ganas de vivir] 
245 1 0 |a Ganas de vivir =  |b Wit /  |c Realización de M. Nichols. 
264 4 |a EUA :  |b HBO,  |c 2001, c2001 
264 2 |a México :  |b Quality Films [distribución],  |c copyright fecha no identificada 
300 |a 1 DVD regiones 1 y 4 (107 min.) :  |b color +  |e 1 lámina 
336 |a imagen móvil bidimensional  |b tdi  |2 rdacontenido 
337 |a video  |b v  |2 rdamedio 
338 |a videodisco  |b vd  |2 rdasoporte 
500 |a Basado en: Wit, de Margaret Edson 
506 1 |a Ejemplar donado, disponible sólo para préstamo externo y uso individual, no autorizado para proyecciones colectivas 
546 |a En inglés, con subtítulos opcionales: español 
649 |a XX 
650 |a Enfermos Terminales en el Cine 
650 |a Profesores en el Cine 
650 |a Educadores en el Cine 
650 |a Dramas Cinematográficos 
650 |a Telefilmes 
650 |a Cine por Televisión -  |z EUA 
650 |a Cine Norteamericano -  |y 2000-2009 
650 |a Cine Norteamericano -  |y Siglo XXI 
650 |a Teatro Norteamericano -  |x Adaptaciones para Cine 
650 |a Literatura Norteamericana -  |y Siglo XX -  |x Adaptaciones para Cine 
650 |a Literatura y Cine 
650 |a Cáncer Cérvico-Uterino -  |x Tratamiento 
650 |a Enfermedades -  |x Tratamiento 
650 |a Muerte 
650 |a Vida 
650 |a Inteligencia 
650 |a Educación Sentimental 
650 |a Memoria y Olvido 
650 |a Memoria 
650 |a Relación Médico-Paciente 
650 |a Quimioterapia 
650 |a Medicina Experimental 
700 |a Thompson, Emma  |e (guión) 
700 |a Nichols, Mike  |e (guión) 
700 |a McGarvey, Seamus  |e (fotógrafo) 
700 |a Roth, Ann  |e (vestuario) 
700 |a Bloom, John  |e (montaje) 
700 |a Thompson, Emma  |e (actuación) 
700 |a Lloyd, Christopher  |e (actuación) 
700 |a Atkins, Eileen  |e (actuación) 
910 |a Fondo General 
920 |a Audiovisuales - DVDs 
940 |a Películas 
905 |a 302 
901 |a 0500373803  |b IT2  |c DVS  |i D1951  |u 20250521 
901 |a 0500373804  |b IT2  |c MIN  |i D1951  |u 20251020 
902 |a https://opac.biblio.iteso.mx/vufind/Record/000448551